| Tag |
First Indicator |
Second Indicator |
Subfields |
| LEADER |
00000cas a22000007a 4500 |
| 001 |
in00003402627 |
| 005 |
20151206081115.0 |
| 006 |
m o d |
| 007 |
cr bn||||||abp |
| 007 |
cr bn||||||ada |
| 008 |
100427d19241946ilubn pso 0 a0eng |
| 010 |
|
|
|a 2013202533
|
| 022 |
0 |
|
|a 2327-6134
|l 0888-1030
|y 0888-1030
|2 1
|
| 035 |
|
|
|a (OCoLC)ocn609858894
|
| 035 |
|
|
|a (OCoLC)609858894
|
| 040 |
|
|
|a OCLCE
|b eng
|c OCLCE
|d OCLCQ
|d OCLCO
|d OCLCQ
|d EYM
|d DLC
|d TXA
|d UtOrBLW
|
| 042 |
|
|
|a dlr
|a nsdp
|a pcc
|
| 049 |
|
|
|a TXAM
|
| 050 |
|
4 |
|a LB1576.A1
|b E6 Electronic
|
| 082 |
1 |
0 |
|a 372.6/05
|2 23
|
| 222 |
|
4 |
|a The Elementary English review
|b (Online)
|
| 245 |
0 |
4 |
|a The Elementary English review.
|
| 264 |
|
1 |
|a Detroit, Mich. :
|b Elementary English Review,
|c ©1924-©1946.
|
| 310 |
|
|
|a Monthly (Oct.-May),
|b Oct. 1935-1946
|
| 321 |
|
|
|a Monthly (except July and Aug.),
|b 1924-June 1935
|
| 336 |
|
|
|a text
|b txt
|2 rdacontent
|
| 337 |
|
|
|a computer
|b c
|2 rdamedia
|
| 338 |
|
|
|a online resource
|b cr
|2 rdacarrier
|
| 362 |
0 |
|
|a Vol. 1, no. 1 (Mar. 1924)-v. 23, no. 8 (Dec. 1946).
|
| 500 |
|
|
|a Title from PDF caption (JSTOR, viewed Dec. 10, 2012).
|
| 500 |
|
|
|a Published: Detroit, Mich. : Elementary English Review, 1924-Oct. 1942; Chicago, Ill. : National Council of Teachers of English, Nov. 1942-1946.
|
| 506 |
|
|
|3 Use copy
|f Restrictions unspecified
|2 star
|5 MiAaHDL
|
| 533 |
|
|
|a Electronic reproduction.
|b [S.l.] :
|c HathiTrust Digital Library,
|d 2010.
|5 MiAaHDL
|
| 538 |
|
|
|a Mode of access: World Wide Web.
|
| 550 |
|
|
|a An official organ of the National Council of Teachers of English, Sept. 1929-1946.
|
| 555 |
|
|
|a Annoted index: 1924-1976. (Includes index to the journal under its later title.) 1 v.
|
| 583 |
1 |
|
|a digitized
|c 2010
|h HathiTrust Digital Library
|l committed to preserve
|2 pda
|5 MiAaHDL
|
| 588 |
|
|
|a Latest issue consulted: Vol. 23, no. 8 (Dec. 1946) (JSTOR, viewed Dec. 10, 2012).
|
| 500 |
|
|
|a Electronic resource.
|
| 650 |
|
0 |
|a English language
|v Periodicals.
|
| 650 |
|
0 |
|a English literature
|x Study and teaching
|v Periodicals.
|
| 650 |
|
0 |
|a English language
|x Study and teaching
|v Periodicals.
|
| 650 |
|
0 |
|a Children's literature
|v Bibliography
|v Periodicals.
|
| 650 |
|
0 |
|a Activity programs in education
|v Periodicals.
|
| 710 |
2 |
|
|a National Council of Teachers of English.
|
| 776 |
0 |
8 |
|i Print version:
|t Elementary English review
|x 0888-1030
|w (DLC) 87658047
|w (OCoLC)2111960
|
| 785 |
0 |
0 |
|t Elementary English
|x 2327-610X
|w (DLC) 2013202532
|w (OCoLC)609887628
|
| 948 |
|
|
|a cataloged
|b h
|c 2013/8/15
|d c
|e spoltoratski
|f 5:14:58 pm
|g sc
|
| 994 |
|
|
|a C0
|b TXA
|
| 999 |
|
|
|a MARS
|
| 999 |
f |
f |
|s 95605d48-4efd-3795-9b6a-53f31775f526
|i cbcacf5b-e7fa-373b-a223-6bca7f5b29b6
|t 0
|
| 952 |
f |
f |
|a Texas A&M University
|b College Station
|c Electronic Resources
|d Available Online
|t 0
|e LB1576.A1 E6
|g Electronic
|h Library of Congress classification
|
| 998 |
f |
f |
|a LB1576.A1 E6
|t 0
|l Available Online
|